1906 1316 1297 1789 1213 1450 1212 1510 1154 1305 1330 1925 1379 1251 1437 1587 1550 1881 1313 1712 1903 1798 1798 1670 1619 1433 1268 1565 1920 1306 1781 1699 1796 1179 1248 1635 1054 1265 1741 1804 1912 1309 1595 1827 1690 1872 1024 1802 1150 1930 1874 1550 1998 1780 1751 1097 1820 1842 1280 1930 1801 1440 1373 1646 1224 1923 1139 1025 1287 1875 1388 1701 1379 1623 1211 1628 1355 1838 1310 1251 1058 1632 1646 1335 1461 1973 1182 1057 1216 1220 1233 1440 1917 1316 1762 1762 1741 1019 1050 BCNSPRNW ULIB Ver.6.0+V

เปลี่ยนเป็นภาษาไทย

Change to English
 แสดงรายละเอียดบรรณานุกรม
  กลับหน้าหลัก

Brief Record : Get Marc (ISO 2709) : E-mail record : QR code < ปิดหน้าต่าง
LEADER : 00000nam 2200000uu 4500
001    13399126892
003     ULIB
008    190827s2561||||th 000 0 tha d
020    ^a9789990137491
060    ^aWB141^bผ819ก
100    ^aเผ่า อนันจิ๋ว
245    ^aการประเมินภาวะสุขภาพและการวินิจฉัยแยกโรคเบื้องต้น
250    ^aพิมพ์ครั้งที่ 1
260    ^aกรุงเทพฯ :^bนีโอดิจิตอล,^c2561
300    ^a142 หน้า^bภาพประกอบ, ตาราง, ภาคผนวก
650    ^aสุขภาพ^xการประเมิน
650    ^aสุขภาพ^xการวินิจฉัยโรค
945    ^p250^l0^i27522
945    ^p250^l0^i27521
945    ^p250^l0^i27520
945    ^p250^l0^i27517
945    ^p250^l0^i27516
945    ^p250^l0^i27525
945    ^p250^l0^i27519
945    ^p250^l0^i27518
945    ^p250^l0^i27524
945    ^p250^l0^i27523
999    ^aกัณชพร จุลอักษร
รายการนี้ยังไม่มีแท็ก
คุณยังไม่ได้ล็อกอิน คุณสามารถมีกิจกรรมร่วมกับเว็บไซต์ได้ แต่ต้องล็อกอินก่อน ::
  ล็อกอิน

รายการสื่อสารสนเทศ

ลำดับที่ ประเภท เลขเรียก/บาร์โค้ด สถานที่ สถานะ
1. หนังสือสำรอง
หนังสือสำรอง
WB141 ผ819ก ฉ.1 
  Barcode: 27516
ห้องสมุดวิทยาเขตนครสวรรค์
►หนังสือทั่วไป:l:General Books
บนชั้น
2. วิทยาศาสตร์การแพทย์ และสุขภาพ
วิทยาศาสตร์การแพทย์ และสุขภาพ
WB141 ผ819ก ฉ.10 
  Barcode: 27525
ห้องสมุดวิทยาเขตนครสวรรค์
►หนังสือทั่วไป:l:General Books
บนชั้น
3. วิทยาศาสตร์การแพทย์ และสุขภาพ
วิทยาศาสตร์การแพทย์ และสุขภาพ
WB141 ผ819ก ฉ.2 
  Barcode: 27517
ห้องสมุดวิทยาเขตนครสวรรค์
►หนังสือทั่วไป:l:General Books
บนชั้น
4. วิทยาศาสตร์การแพทย์ และสุขภาพ
วิทยาศาสตร์การแพทย์ และสุขภาพ
WB141 ผ819ก ฉ.3 
  Barcode: 27518
ห้องสมุดวิทยาเขตนครสวรรค์
►หนังสือทั่วไป:l:General Books
บนชั้น
5. วิทยาศาสตร์การแพทย์ และสุขภาพ
วิทยาศาสตร์การแพทย์ และสุขภาพ
WB141 ผ819ก ฉ.4 
  Barcode: 27519
ห้องสมุดวิทยาเขตนครสวรรค์
►หนังสือทั่วไป:l:General Books
บนชั้น
6. วิทยาศาสตร์การแพทย์ และสุขภาพ
วิทยาศาสตร์การแพทย์ และสุขภาพ
WB141 ผ819ก ฉ.5 
  Barcode: 27520
ห้องสมุดวิทยาเขตนครสวรรค์
►หนังสือทั่วไป:l:General Books
บนชั้น
7. วิทยาศาสตร์การแพทย์ และสุขภาพ
วิทยาศาสตร์การแพทย์ และสุขภาพ
WB141 ผ819ก ฉ.6 
  Barcode: 27521
ห้องสมุดวิทยาเขตนครสวรรค์
►หนังสือทั่วไป:l:General Books
บนชั้น
8. วิทยาศาสตร์การแพทย์ และสุขภาพ
วิทยาศาสตร์การแพทย์ และสุขภาพ
WB141 ผ819ก ฉ.7 
  Barcode: 27522
ห้องสมุดวิทยาเขตนครสวรรค์
►หนังสือทั่วไป:l:General Books
บนชั้น
9. วิทยาศาสตร์การแพทย์ และสุขภาพ
วิทยาศาสตร์การแพทย์ และสุขภาพ
WB141 ผ819ก ฉ.8 
  Barcode: 27523
ห้องสมุดวิทยาเขตนครสวรรค์
►หนังสือทั่วไป:l:General Books
บนชั้น
10. วิทยาศาสตร์การแพทย์ และสุขภาพ
วิทยาศาสตร์การแพทย์ และสุขภาพ
WB141 ผ819ก ฉ.9 
  Barcode: 27524
ห้องสมุดวิทยาเขตนครสวรรค์
►หนังสือทั่วไป:l:General Books
บนชั้น

รายการใกล้เคียง
    ชื่อเรื่อง [การประเมินภาวะสุขภาพและการวินิจฉัยแยกโรคเบื้องต้น]

    ผู้แต่ง [เผ่า อนันจิ๋ว]

    หัวเรื่อง [สุขภาพ การประเมิน]

BibComment


ยังไม่เคยถูกคอมเมนท์

คอมเมนท์ทรัพยากรรายการนี้
  คอมเมนท์: การประเมินภาวะสุ..


 Copyright 2026. Bcnsprnw @Library